The Limitation Act, 1963 / (Record no. 136824)

MARC details
000 -LEADER
fixed length control field 00678nam a22002297a 4500
010 ## - LIBRARY OF CONGRESS CONTROL NUMBER
LC control number A-950253
020 ## - INTERNATIONAL STANDARD BOOK NUMBER
International Standard Book Number 8171770924
035 ## - SYSTEM CONTROL NUMBER
System control number A-950253
037 ## - SOURCE OF ACQUISITION
Source of stock number/acquisition Cen Lib / Ret
040 ## - CATALOGING SOURCE
Original cataloging agency DPL
Language of cataloging EN
082 ## - DEWEY DECIMAL CLASSIFICATION NUMBER
Classification number 347.052
Item number MIT
100 ## - MAIN ENTRY--PERSONAL NAME
Personal name Mitra, B. B.
245 ## - TITLE STATEMENT
Title The Limitation Act, 1963 /
Statement of responsibility, etc by B. B. Mitra [and] M. R. Mallick
250 ## - EDITION STATEMENT
Edition statement 20th ed
260 ## - PUBLICATION, DISTRIBUTION, ETC. (IMPRINT)
Place of publication, distribution, etc Kolkata
Name of publisher, distributor, etc Eastern Law House
Date of publication, distribution, etc 1998
270 ## - ADDRESS
Address 54 Ganesh Chunder Avenue Kolkata
City Kolkata
Postal code 700013
300 ## - PHYSICAL DESCRIPTION
Extent 1292p
Other physical details 25cm(Hb)
650 ## - SUBJECT ADDED ENTRY--TOPICAL TERM
Topical term or geographic name as entry element Limitation of actions -- India.
650 ## - SUBJECT ADDED ENTRY--TOPICAL TERM
Topical term or geographic name as entry element Limitation of actions.
700 ## - ADDED ENTRY--PERSONAL NAME
Personal name Mallick, M. R.
942 ## - ADDED ENTRY ELEMENTS (KOHA)
Source of classification or shelving scheme Dewey Decimal Classification
Koha item type English Books
Classification part 347.052
Call number suffix MAL
Holdings
Withdrawn status Lost status Source of classification or shelving scheme Damaged status Not for loan Home library Current library Date acquired Source of acquisition Total Checkouts Full call number Barcode Date last seen Copy number Price effective from Koha item type
    Dewey Decimal Classification     Central Library Central Library 10/03/2016 Cen Lib/Ret   347.052 MIT A-950253 10/03/2016 1 10/03/2016 English Books

© Delhi Public Library
Hit Counter
free hit counter